It only takes one (Record no. 75960)
[ view plain ]
| 000 -LEADER | |
|---|---|
| fixed length control field | 00924cab a2200169 4500 |
| 001 - CONTROL NUMBER | |
| control field | ##L131130 |
| 008 - FIXED-LENGTH DATA ELEMENTS--GENERAL INFORMATION | |
| fixed length control field | 051003n2005 000 0 eng u |
| 035 ## - SYSTEM CONTROL NUMBER | |
| System control number | (Sirsi) u131130 |
| 041 0# - LANGUAGE CODE | |
| Language code of text/sound track or separate title | eng |
| 100 1# - MAIN ENTRY--PERSONAL NAME | |
| Personal name | Majekodunmi, Olefunmi |
| 245 00 - TITLE STATEMENT | |
| Title | It only takes one |
| 260 ## - PUBLICATION, DISTRIBUTION, ETC. | |
| Date of publication, distribution, etc. | 2005 |
| 490 #0 - SERIES STATEMENT | |
| Series statement | Construction Manager |
| Volume/sequential designation | September 2005, 24-25(2) |
| 520 ## - SUMMARY, ETC. | |
| Summary, etc. | Reports that surveys show that the construction industry is regarded as the most corrupt sector in the world. Now the UK division of Transparency International and the UK Society of Construction Law have produced an anti-corruption code which has been circulated to professional bodies and trade associations in the form of a guidance document. It is hoped that industry will adopt the code, but doubts have been expressed as to how it can be adequately policed. |
| 690 ## - LOCAL SUBJECT ADDED ENTRY--TOPICAL TERM (OCLC, RLIN) | |
| Topical term or geographic name as entry element | MANAGEMENT-BUSINESS MANAGEMENT-PROFESSIONAL PRACTICE-PROFESSIONAL ETHICS |
| 942 ## - ADDED ENTRY ELEMENTS (KOHA) | |
| Suppress in OPAC | 0 |
| Withdrawn status | Lost status | Source of classification or shelving scheme | Damaged status | Not for loan | Home library | Current library | Shelving location | Date acquired | Total Checkouts | Full call number | Barcode | Date last seen | Copy number | Price effective from | Koha item type |
|---|---|---|---|---|---|---|---|---|---|---|---|---|---|---|---|
| Dewey Decimal Classification | London | London | Journal article | 03/10/2005 | L131130 | 131130-1001 | 06/08/2019 | 1 | 06/08/2019 | Journal article |